| 000 | 00548ntaaa2200205 4500 | ||
|---|---|---|---|
| 003 | 01 | ||
| 005 | 20251027201707.0 | ||
| 008 | 0714s1973 ag 01 | ||
| 020 | _a8430109382 | ||
| 040 |
_aAR-BaBN _bspa _cAR-BaBN _eaacr _dRIC |
||
| 082 | _a233.0000 L35h | ||
| 100 |
_aLatourelle, Rene _997 |
||
| 245 | _aEl hombre y sus problemas a la luz de Cristo | ||
| 250 | _a1 ed. | ||
| 260 |
_aSalamanca : _bSígueme, _c1984 |
||
| 300 |
_a458 p ; _c21 cm |
||
| 500 | _aContiene referencias bibliograficas | ||
| 650 |
_ahombre-teología _91818 |
||
| 942 | _cBK | ||
| 999 |
_c11646 _d11646 |
||